THE 8051 MICROCONTROLLER (Record no. 816654)

MARC details
000 -LEADER
fixed length control field 00349pam a2200145a 44500
008 - FIXED-LENGTH DATA ELEMENTS--GENERAL INFORMATION
fixed length control field 230405s2007 xxu||||| |||| 00| 0 eng d
041 ## - LANGUAGE CODE
Language code of text/sound track or separate title ENG
100 ## - MAIN ENTRY--PERSONAL NAME
Personal name AYALA KENNETH
245 ## - TITLE STATEMENT
Title THE 8051 MICROCONTROLLER
260 ## - PUBLICATION, DISTRIBUTION, ETC.
Place of publication, distribution, etc. NEW DELHI
Name of publisher, distributor, etc. DELMAR CENGAGE LEARNING
Date of publication, distribution, etc. 2007
300 ## - PHYSICAL DESCRIPTION
Extent P.B,XIX,412
650 ## - SUBJECT ADDED ENTRY--TOPICAL TERM
Topical term or geographic name entry element E&TC
690 ## - LOCAL SUBJECT ADDED ENTRY--TOPICAL TERM (OCLC, RLIN)
Topical term or geographic name as entry element E&TC
906 ## - LOCAL DATA ELEMENT F, LDF (RLIN)
a 2459
Holdings
Withdrawn status Lost status Damaged status Not for loan Collection Home library Current library Date acquired Source of acquisition Cost, normal purchase price Total Checkouts Full call number Barcode Date last seen Price effective from Koha item type Date last checked out
          College of Engineering, Kolhapur College of Engineering, Kolhapur 08/05/2009 BHARATI MADHYAVARTI SAHAKARI GRAHAK BHANDAR LTD.PUNE 342.00   621.381/AYA ECK-UG-9205 16/08/2023 16/08/2023 Book  
          College of Engineering, Kolhapur College of Engineering, Kolhapur 08/05/2009 BHARATI MADHYAVARTI SAHAKARI GRAHAK BHANDAR LTD.PUNE 342.00 1 621.381/AYA ECK-UG-9204 17/04/2025 16/08/2023 Book 16/04/2025
          College of Engineering, Kolhapur College of Engineering, Kolhapur 08/05/2009 BHARATI MADHYAVARTI SAHAKARI GRAHAK BHANDAR LTD.PUNE 342.00   621.381/AYA ECK-UG-9203 16/08/2023 16/08/2023 Book  
          College of Engineering, Kolhapur College of Engineering, Kolhapur 08/05/2009 BHARATI MADHYAVARTI SAHAKARI GRAHAK BHANDAR LTD.PUNE 342.00 1 621.381/AYA ECK-UG-9202 03/05/2024 16/08/2023 Book 02/05/2024
          College of Engineering, Kolhapur College of Engineering, Kolhapur 08/05/2009 BHARATI MADHYAVARTI SAHAKARI GRAHAK BHANDAR LTD.PUNE 342.00 1 621.381/AYA ECK-UG-9201 04/05/2024 16/08/2023 Book 04/05/2024